| 000 | 00646nam a22001697a 4500 | ||
|---|---|---|---|
| 999 |
_c61695 _d61695 |
||
| 005 | 20240418102115.0 | ||
| 008 | 240418s1992 enk||||| |||| 00| 0 eng d | ||
| 020 | _a0834202271x | ||
| 080 | _a616-08 C-29 | ||
| 245 |
_aCase Studies in Perinatal Nursing / _cEdited Diane J. Angelini, Christine M. Whelan Knapp. |
||
| 264 |
_aBoston : _bAspen Pub, _c1992. |
||
| 300 |
_a239 p.; _b24 cm. |
||
| 653 | _a პერინატალური მედიცინა | ||
| 700 |
_aAngelini, Diane J. _eრედაქტორი _921846 |
||
| 700 |
_aWhelan Knapp, Christine M. _eრედაქტორი _921847 |
||
| 942 |
_2udc _cᲬᲘᲒᲜᲘ |
||